| 000 | 00561nam a2200181 a 4500 | ||
|---|---|---|---|
| 005 | 20141128143945.0 | ||
| 008 | 140124b2005 ck ||||| |||| 00| 0 spa d | ||
| 040 | _cCO-BooIH | ||
| 041 | _aspa | ||
| 044 | _ack | ||
| 090 |
_aIAVH _b00446 |
||
| 100 |
_aColorado Zuluaga, Gabriel Jaime _95029 |
||
| 245 |
_aMonitoreo de aves rapaces migratorias en el municipio de Fredonia, departamento de Antioquia _binforme final |
||
| 260 |
_aMedellĂn _bInstituto Alexander von Humboldt _bCorantioquia _c2005 |
||
| 300 | _a31 p. | ||
| 942 |
_cINFORME _2z |
||
| 945 | _d2005-11-16 | ||
| 999 |
_c4813 _d4813 |
||